000 00628cab a2200217 4500
001 WB3236-03
008 090401t1996 xxu||||| |||| 00| 0 eng d
035 _a(Sirsi) u7850
041 _aeng
245 _aRailtrack raps QS advisers
260 _c1996
350 _a0
490 _aBuilding
_v39 (7959) 27 September 1996, 7(1)
520 _aRailtrack is to complain to its top QS advisers that headhunting by other firms is leading to higher-than-expected charges.
650 _aHEADHUNTING
650 _aQUANTITY SURVEYORS
650 _aRAILTRACK
690 _aBUILT ENVIRONMENT
942 _n0
948 _c04/03/1997
999 _c4776
_d4776